000 00492nam a2200217Ia 4500
003 OSt
005 20221005130717.0
006 a|||||r|||| 00| 0
007 ta
008 221004b |||||||| |||| 00| 0 eng d
024 _a48493
037 _cTextual
040 _aCRL
_cCRL
_beng
041 _2eng
_aeng
082 _aQ23, 111H6
245 0 _aSaiva siddhanta
260 _c1965
650 _aRELIGION
942 _hQ23, 111H6
_cTEXL
_2cc
999 _c1058135
_d1058135